پرانے چراغ : مع تکملہ سینے کے داغ # # Purāne cirāg̲h̲ : ma,a takmilhu sine ke dag / (Record no. 80409)
[ view plain ]
| 000 -LEADER | |
|---|---|
| fixed length control field | 01847cam a2200265 a 4500 |
| 001 - CONTROL NUMBER | |
| control field | 80409 |
| 003 - CONTROL NUMBER IDENTIFIER | |
| rucl marc code | BD-RjUL |
| 005 - DATE AND TIME OF LATEST TRANSACTION | |
| control field | 20220922103212.0 |
| 008 - FIXED-LENGTH DATA ELEMENTS--GENERAL INFORMATION | |
| fixed length control field | 110801s2010 ii 000 0curd |
| 035 ## - SYSTEM CONTROL NUMBER | |
| System control number | (BD-RjUL)80409 |
| 037 ## - SOURCE OF ACQUISITION | |
| Source of stock number/acquisition | Library of Congress -- New Delhi Overseas Office |
| 040 ## - CATALOGING SOURCE | |
| Original cataloging agency | DLC |
| Transcribing agency | DLC |
| Modifying agency | DLC |
| Language of cataloging | eng |
| 041 ## - LANGUAGE CODE | |
| Language code of text/sound track or separate title | urd |
| 082 ## - DEWEY DECIMAL CLASSIFICATION NUMBER | |
| Edition number | 23 |
| Classification number | 954.0088297092 |
| Author mark and year | NAP 1980 |
| 100 1# - MAIN ENTRY--PERSONAL NAME | |
| Personal name | ندوى، ابوالحسن على # # Nadvī, Abulḥasan ʻAlī, |
| Dates associated with a name | 1913-1999. |
| 9 (RLIN) | 4935 |
| 245 10 - TITLE STATEMENT | |
| Title | پرانے چراغ : مع تکملہ سینے کے داغ # # Purāne cirāg̲h̲ : ma,a takmilhu sine ke dag / |
| Remainder of title | معاصر شخصيتوں، بزرگوں، استادوں، اور دوستوں سے متعلّق تعارفى مضامين، تأثّرات، مشاهدات و واقعات اور معلومات کا دلچسپ مجموعه / / # # bmuʻāṣir shak̲h̲ṣiyataun̲, buzurgaun̲, ustādaun̲, aur dostaun̲ se mutaʻalliq taʻārufī maz̤āmīn, taʼas̲s̲urāt, mushāhidāt va vāqiʻāt aur maʻlūmāt kā dilcasp majmūʻah / / |
| Statement of responsibility, etc. | Abul Hasan ʻAlī Nadvī |
| 260 ## - PUBLICATION, DISTRIBUTION, ETC. (IMPRINT) | |
| Place of publication, distribution, etc. | لکھنؤ : # # Lakhnaʼū : |
| Name of publisher, distributor, etc. | مکتبۀ فردوس # # Maktabah-yi Firdaus , |
| Date of publication, distribution, etc. | 1980 |
| 300 ## - PHYSICAL DESCRIPTION | |
| Pagination | 3 v. ; |
| Size | 23 cm. |
| 505 ## - FORMATTED CONTENTS NOTE | |
| Formatted contents note | V- 2. معاصر شخصيتوں، بزرگوں، استادوں، اور دوستوں سے متعلّق تعارفى مضامين، تأثّرات، مشاهدات و واقعات اور معلومات کا |
| Formatted contents note | bmuʻāṣir shak̲h̲ṣiyataun̲, buzurgaun̲, ustādaun̲, aur dostaun̲ se mutaʻalliq taʻārufī maz̤āmīn, taʼas̲s̲urāt, mushāhidāt va vāqiʻāt aur maʻlūmāt kā dilcasp majmūʻah / / |
| 520 ## - SUMMARY, ETC. | |
| Summary, etc. | Brief biography of selected Muslim scholars from India. |
| 650 #0 - SUBJECT ADDED ENTRY--TOPICAL TERM | |
| Topical term or geographic name as entry element | Muslims |
| Geographic subdivision | India |
| Form subdivision | Biography. |
| 9 (RLIN) | 4936 |
| 942 ## - ADDED ENTRY ELEMENTS (KOHA) | |
| Source of classification or shelving scheme | Dewey Decimal Classification |
| Koha item type | Books |
| Lost status | Source of classification or shelving scheme | Damaged status | Not for loan | Collection code | Permanent Location | Current Location | Shelving location | Date acquired | Source of acquisition | Cost, normal purchase price | Full call number | Date last seen | Copy number | Koha item type | Total Checkouts |
|---|---|---|---|---|---|---|---|---|---|---|---|---|---|---|---|
| Dewey Decimal Classification | Not For Loan | Non-fiction | Central Library, University of Rajshahi | Central Library, University of Rajshahi | Reading Room | 24/08/1982 | India International , Calcatta | 25.00 | U 954.0088297092 NAP V-2 1980 | 22/09/2022 | C-1 | Books | |||
| Dewey Decimal Classification | Not For Loan | Non-fiction | Central Library, University of Rajshahi | Central Library, University of Rajshahi | Reading Room | 30/07/2025 | U 954.0088297092 NAP V-1 1980 | 30/07/2025 | C-1 | Books |